[Event "Match 78__120'/40"]
[Site "Zurich"]
[Date "2024.??.??"]
[Round "36"]
[White "Mephisto Polgar sel. 5"]
[Black "Saitek D+ EGR 10 MHz"]
[Result "1/2-1/2"]
[WhiteElo "1991"]
[BlackElo "1992"]
[Annotator "Utzinger,K"]
[PlyCount "185"]
[EventDate "2024.05.22"]
[EventType "match"]
[SourceVersionDate "2024.04.21"]

{[%evp 0,185,19,38,40,41,41,32,28,27,27,41,37,-6,0,-11,-16,-15,-15,-15,-14,-18,24,37,18,15,66,23,71,30,25,30,30,-12,0,-20,-20,-21,6,-21,72,61,71,68,110,71,85,116,124,51,38,46,67,5,1,-94,-77,-34,-14,-77,-88,-76,-83,-102,-10,-10,-7,-104,-92,-94,-107,-107,-64,-106,-64,-69,-69,-91,-47,-65,-8,-5,-2,0,0,0,0,-2,0,0,8,3,0,0,0,0,0,0,0,0,0,0,0,0,0,0,0,0,0,0,0,0,0,0,0,0,0,0,0,-15,-16,-15,-10,-2,-2,-11,-7,-7,-8,-8,-8,-8,-8,-11,-4,-2,-4,-8,-8,-4,-2,-2,-2,-10,-2,-2,-2,-17,-17,-50,-61,-61,-61,-62,-36,-33,-45,-37,-52,-52,-52,-56,-16,-18,-16,-19,-15,-53,-14,-12,-12,-13,-13,-13,-12,-12,-14,-13,-13,-12,-11,-11,-11,-14,-11,-11,-11,-11]} 1. e4 c5 {Match 120'/40 | Bediener: Rolf Bühler | 11.09.2024 | 36. Partie: Remis | Zwischenstand: 19,0-17,0 (52,7%) für Mephisto Polgar / hypothetisch: 23-13 (63,8%) für Mephisto Polgar | Eröffnung: Sizilianische Verteidigung, Taimanov Variante | Eine Komödie der Irrungen ist die beste Umschreibung dieser Partie. Nach der Eröffnung war die Zentralisierung des Springers mit 13...Sd4? ein positioneller Fehler, blieb Schwarz danach doch mit einem Doppelbauer und einem schwachen Bauern auf d4 zurück. Durch 21...Df6? schaufelt sich der Saitek D+ das erste Mal ein Grab. Doch gelingt es dem Mephisto Polgar nicht, die miserable Platzierung des schwarzen Lg4 auszunutzen. In gleicher Stellung schlittert dann aber das Schröder-Programm mit 29.Dg5? in eine verlorene Stellung, was aber Schwarz ebenso wenig für sich nutzen kann. Und so geht es hin und her: 31.Dc1? Weiss verliert, 31...dxc4? Ausgleich / 33.Kh1? Weiss verliert, 33...Txe4? Ausgleich / 36.c6? Weiss verliert, 36...Dxc6? Ausgleich. Nach 42.Txd3 steht ein völlig ausgeglichenes Turmendspiel auf dem Brett mit beidseits 2 Bauern am Königsflügel. Und nach 49...Th2 sind auf beiden Seiten je ein Bauer verschwunden und wer diese Stellung noch verlieren sollte, müsste sich echt anstrengen. Doch es passiert: Im lehrreichen Turmendspiel gerät der Mephisto Polgar in augenscheinlich toter Remisstellung noch viermal (4x) in eine verlorene Stellung, ohne dass dies der ebenfalls immer wieder falsch agierende Saitek D+ zu nutzen wusste. Schliesslich endet das ganze Trauerspiel mit dreifacher Zugwiederholung.} 2. Nf3 e6 3. d4 cxd4 4. Nxd4 Nc6 5. Nb5 d6 6. c4 {Dieser Maroczy Aufbau führt zu den schwerfälligen Hedgehog Stellungen, die für beide Seiten schwierig zu spielen sind.} Nf6 7. N5c3 {Auch 7.S1c3 wird gespielt.} (7. N1c3 a6 8. Nd4 Be7 9. Be2 O-O 10. O-O $11 {1-0 (48) Kamsky,G (2641)-Xiong,J (2693) Chess.com INT 2023}) 7... Be7 8. Be2 (8. g3 h5 9. h3 h4 10. g4 $11 {0-1 (70) Gukesh,D (2744)-Firouzja,A (2777) Zagreb 2023}) 8... O-O 9. O-O b6 {***ENDE BUCH*** = (0.01) (50% +3% =93% -3%)} 10. Bf4 {***ENDE BUCH*** = (0.00) (50% +3% =93% -3%)} e5 $2 {Zu diesem systemwidrigen Zug, der ...d5 für alle Zeit verbietet, habe ich keine einzige Partie in meinen Datenbanken gefunden. Der Erwartungswert für Weiss steigt von 50% auf 63%.} (10... Bb7 11. Re1 Rc8 (11... Ne5 12. Nd2 a6 13. Rc1 $11 {1-0 (51) Spraggett,K (2578)-Korneev,O (2671) Salou 2006}) 12. Nd2 Ne5 $11 {0-1 (66) Gulko,B (2530)-Karpov,A (2695) Moscow 1976}) 11. Be3 Be6 12. Nd2 ({Logischer ist} 12. Na3 {was Sc2 ermöglicht im Kampf um das Feld d4 als auch einmal Sc2-e3-d5.}) 12... Qd7 13. Nd5 {+/= (0.44) (57%)} Nd4 $2 {Positionell schwach, erhält Schwarz nun doch auf der d-Linie einen Doppelbauern, wobei der Bauer d4 schon fast zum Tode verurteilt ist.} 14. Nxe7+ ({Stärker ist} 14. Bxd4 $1 exd4 15. Bd3 Qb7 16. Nxe7+ Qxe7 17. Nb3 $16) 14... Qxe7 15. Bxd4 exd4 16. f4 $6 {Schwächt einzig den Bauern e4.} Rac8 17. Qc2 $6 {Ein unbedarftes und unpassendes Manöver: Wer stellt schon seine Dame in die Linie des Tc8, so dass der Bauer c4 gefesselt ist und nun sofort angegriffen werden kann.} b5 18. b3 bxc4 ({Nur mit} 18... d5 $1 $15 {erhält Schwarz minimalen Vorteil.}) 19. bxc4 Ng4 {Auch jetzt verdient 19...d5 den Vorzug.} 20. Bxg4 Bxg4 21. Qd3 {[#]} Qf6 $2 $18 {[%mdl 2] Schwarz übersieht die beste Antwort. Wer sich die Stellung näher anguckt, erkennt sofort, dass der schwarze Lg4 in höchster Gefahr schwebt. So ginge er nach f4-f5 gefolgt von h2-h3 verloren.} ({Mit} 21... Qc7 22. f5 f6 $1 {kann Schwarz den Läufer retten, der via h5 auf f7 ein Rückzugsfeld hat.}) 22. Rac1 $6 {Aber Weiss nutzt die Gunst des Augenblicks nicht.} (22. f5 Bh5 (22... Qg5 23. Qxd4 $18) 23. h3 Qg5 24. Qxd4 Qg3 25. Qf2 Qxf2+ 26. Kxf2 $18) 22... Rfe8 $2 {Notwendig war ein Rückzug des Läufer nach e6 oder d7.} 23. f5 {Kommt der Mephisto Polgar doch noch auf den Geschmack?} Bh5 24. Nb3 $6 {Geht achtlos an einem Gewinn vorbei, weil Weiss vermutlich einen Bauerngewinn gesehen hat.} (24. h3 Qg5 25. Qxd4 f6 26. Rc3 Bf7 27. Rff3 h5 28. Rg3 Qh6 29. Ra3 Re7 30. Qxd6 $18) 24... Qe5 25. Rfe1 {Nun ist der Bauer e4 genügend geschützt und der Bauer d4 kann fallen.} a5 26. Qh3 {Eine verlockend aussehende Fortsetzung, die seltsamerweise nichts einbringt. Aber auch mit 26.Sxd4 war nichts zu holen.} (26. Nxd4 f6 27. Nb5 Rc5 28. Rc2 Rd8 29. Rb1 $11) 26... a4 27. Qxh5 axb3 28. axb3 d3 {Wohl hat Weiss einen Bauern erobert, was im vorliegenden Fall, aber keinen Vorteil bringt: Der lästige Freibauer und die schwarzen aktiven Figuren bieten genügend Kompensation.} {[#]} 29. Qg5 $2 {[%mdl 32770] Verlustzug, dieses Mal aber für Weiss. Richtig war 29.Tcd1 mit Ausgleich.} (29. Rcd1 Qd4+ 30. Kh1 d5 $1 31. cxd5 d2 32. Rf1 f6 33. Qf3 Rc2 $11 {und die Stellung befindet sich im Gleichgewicht.}) 29... d5 $1 {Der erste Gewinnzug sitzt.} 30. Rcd1 (30. exd5 $2 Qd4+ 31. Kf1 d2 $19) 30... f6 $2 {Verpatzt den Gewinn.} ({Es gewinnt} 30... dxe4 {denn die schwarzen verbundenen Freibauern sind mehr als brandgefährlich, während umgekehrt die weissen verbundenen Bauern harmlos sind.} 31. Qe3 (31. h4 f6 32. Qe3 Qxf5 33. Rf1 Qe5 $19) 31... f6 32. Rf1 Qc3 33. Rc1 Qxb3 34. c5 Qd5 35. Rc3 h6 36. Rd1 Qe5 37. Rc4 Qxf5 $19) {[#]} 31. Qc1 $2 {[%mdl 2] Stolpert wieder in den Verlust. Natürlich liegt die rettende Variante mit 31.Dg3 weit ausserhalb der Möglichkeiten unserer Oldies.} ({Rems Sep24-avx2:} 31. Qg3 $1 {= (-0.01) (50% +1% =99% -1%)} Qxg3 32. hxg3 dxe4 33. Kf2 Rb8 34. Rb1 Rbd8 35. b4 Rd4 36. Ke3 Rxc4 37. b5 Rc2 38. b6 Rxg2 39. b7 Rb8 40. Kxe4 Re2+ 41. Kxd3 Rxe1 42. Rxe1 Rxb7 43. Re8+ Kf7 44. Rh8 Rb5 45. Ke4 Rb4+ 46. Ke3 Rg4 47. Rxh7 Rxg3+ 48. Ke4 Kg8 49. Rh4 Rc3 50. Rh2 Rc4+ 51. Kf3 Rc5 52. Kf4 Rc7 53. Kg4 Kf7 54. Ra2 Rc5 55. Ra4 Re5 56. Ra3 g5 57. fxg6+ Kxg6 58. Ra4 Rc5 59. Kh4 Rb5 60. Kg4 Re5 61. Kg3 Re3+ 62. Kf4 Rc3 63. Kg4 Rc1 64. Kg3 f5 65. Kh4 Rh1+ 66. Kg3 Kg5 67. Ra8 Rg1+ 68. Kf3 Rb1 69. Rg8+ Kf6 70. Ra8 Rb4 {[%eval -1,68] [%wdl 5,989,6]}) 31... dxc4 $2 $11 {Schwarz revanchiert sich und nimmt den falschen Bauern. Hat der Saitek D+ noch nie etwas von der Stärke verbundener Freibauern gehört, die schon weit vorgedrungen sind?} (31... dxe4 $19 {hätte gewonnen}) 32. bxc4 Qd4+ {[#]} 33. Kh1 $2 $19 {[%mdl 2] Wieder falsch und sollte verlieren.} (33. Qe3 $1 Rxe4 34. Qxd4 Rxd4 35. Re3 d2 36. Re2 Rcxc4 37. Rexd2 Rxd2 38. Rxd2 $11) 33... Rxe4 $2 $11 {Umgehend revanchiert sich Schwarz, indem er den falschen Bauern schlägt.} ({Nach} 33... Rxc4 34. Qb1 Rd8 35. Rd2 Qc3 $19) 34. Rxe4 Qxe4 35. c5 $1 {Der einzige Zug, der das Gleichgewicht aufrechterhält.} Qd5 (35... Qxf5 36. Qc4+ Kf8 37. Qxd3 {Die Verteidigung mit 37.c6 wäre für unsere Oldies wohl noch einfacher.} Qxd3 38. Rxd3 Rxc5 $11 {und das Turmendspiel mit 3 gegen 2 Bauern am Königsflügel ist nicht zu gewinnen, was unter Oldies aber noch ungewiss bliebe.}) {[#]} 36. c6 $2 $19 {[%mdl 2] Erneut stürzt Weiss in den Verlust.} (36. h3 $1 Rxc5 37. Qe3 Qe5 38. Qxd3 Qxf5 39. Qxf5 Rxf5 $11) 36... Qxc6 $2 $11 {Und einmal mehr nutzt der Mephisto Polgar seine Chance nicht.} ({Richtig} 36... Rxc6 $19 {und gewinnt}) 37. Qxc6 Rxc6 38. Kg1 Rc3 39. Kf2 g6 40. fxg6 hxg6 41. Ke3 Kf7 42. Rxd3 {Jetzt wird das Remis offensichtlich.} Rc2 43. Kf3 Ke6 44. h4 Ke5 45. Re3+ Kd5 46. Rd3+ Ke6 47. g4 f5 48. Rb3 fxg4+ 49. Kxg4 Rh2 {Angesichts der Endspielschwächen unserer Oldies bricht der Bediener hier nicht mit Remis ab.} 50. Rb6+ Kf7 51. Kg5 Rg2+ 52. Kf4 Ra2 53. Rb4 Kg7 54. Ke5 Kh6 55. Rd4 Ra5+ 56. Kf6 Ra2 57. Ke5 Rh2 58. Rg4 Rf2 59. Rg3 Rf5+ 60. Ke4 Kh5 61. Rg1 Rf6 62. Rh1 Rd6 63. Ke5 Rc6 64. Kd5 Ra6 65. Ke5 Rb6 66. Rh2 Rb4 67. Kf6 Kh6 68. Rh1 Rf4+ 69. Ke5 Rf5+ 70. Ke4 Ra5 71. Rg1 Kh5 72. Kf3 Ra3+ 73. Ke4 Ra4+ {[#]} 74. Ke5 $4 $19 {[%mdl 2] Und prompt folgt ein entscheidender Fehler. Es hat sich also gelohnt, die Partie nicht als Remis abzubrechen. Natürlich musste der weisse König auf die 3. Reihe zurück, weil er nun auf der 4. Reihe vom Kampf abgeschnitten wird.} (74. Kf3 Rxh4 75. Ra1 g5 76. Kg2 $11 {ist eine klares Remis}) 74... Rxh4 75. Kf6 Rf4+ 76. Ke6 Rf2 $2 $11 {Unglaublich, wie schwach unsere Oldies die Turmendspiele behandeln. Nach diesem Fehler kann Schwarz nicht mehr gewinnen. Natürlich hätte der Vormarsch des Bauern den Tag entschieden.} (76... g5 77. Ke5 Ra4 78. Rh1+ Kg6 79. Rf1 g4 80. Rf4 {Hebt die Abschneidung des Königs auf, kommt nun aber zu spät.} Ra5+ 81. Ke4 Kg5 82. Rf8 Kh4 83. Kf4 Ra4+ 84. Ke3 Kh3 85. Rh8+ Kg2 86. Rh4 Ra3+ 87. Ke2 g3 88. Rh8 Ra5 89. Rg8 Re5+ {Immer wieder die gleiche Waffe: Der König wird abgedrängt.} 90. Kd3 Kf3 91. Rf8+ Kg4 {Der bekannte "Brückenbau".} 92. Ra8 (92. Rg8+ Rg5) 92... g2 93. Ra1 Kh3 94. Kd4 Rg5 95. Ra3+ Kh2 96. Ra2 Kh1 $19) 77. Rh1+ Kg5 78. Rg1+ Kh6 79. Rh1+ Kg7 $11 {[#]} 80. Rg1 $2 $19 {[%mdl 2] Verpasst das Remis, indem der weisse König wieder zurück geht.} (80. Ke5 g5 81. Ke4 Kg6 82. Ke3 Rf5 83. Ke2 g4 84. Rf1 $1 $11) 80... Re2+ $2 $11 {Verpatzt einmal mehr den Sieg.} (80... Rf5 $1 $19 {Schneidet den König wieder entscheidend ab und gewinnt. Langsam sollte klar sein, um was es in diesem theoretisch einfachen Turmendspiel geht.}) 81. Kd5 Rd2+ {[#]} 82. Ke6 $2 $19 {[%mdl 2] Verlust} (82. Ke4 $1 $11) 82... Rb2 $2 $11 (82... Rh2 83. Ke5 Rh4 $1 84. Rf1 Kh6 $19) {[#]} 83. Kd5 $2 $19 {[%mdl 2]} (83. Ke5 $1 $11) 83... Kf6 $2 $11 (83... Rb4 $1 $19) 84. Rf1+ Kg5 85. Rg1+ Kh5 86. Rh1+ Kg4 87. Rg1+ Kf5 88. Rf1+ Kg4 89. Rg1+ Kf5 90. Rf1+ Kg5 91. Rg1+ Kh5 92. Rh1+ Kg4 93. Rg1+ {***3x REMIS***} 1/2-1/2

[Event "Match 78__120'/40"]
[Site "Zurich"]
[Date "2024.??.??"]
[Round "37"]
[White "Saitek D+ EGR 10 MHz"]
[Black "Mephisto Polgar sel. 5"]
[Result "1-0"]
[WhiteElo "1992"]
[BlackElo "1991"]
[Annotator "Utzinger,K"]
[PlyCount "62"]
[EventDate "2024.05.22"]
[EventType "match"]
[SourceVersionDate "2024.04.21"]

{[%evp 0,62,19,38,25,16,14,23,25,0,10,12,21,17,10,7,12,15,12,-27,-4,5,38,-142,-45,-4,32,2,4,-32,-34,-53,-45,-35,-30,-40,0,0,9,18,12,0,204,176,251,247,394,363,297,308,308,355,392,242,969,949,1002,1379,1379,926,1691,1776,1909,29988,29989]} 1. e4 {[%mdl 1]} e5 {Match 120'/40 | Bediener: Rolf Bühler | 13.09.2024 | 37. Partie: Weiss (Saitek D+) gewinnt | Zwischenstand: 19,0-18,0 (51,3%) für Mephisto Polgar / hypothetisch: 24-13 (64,8%) für Mephisto Polgar | Eröffnung: Spanisch, Offenes System, Bernstein Variante, 9.Sbd2 | In ausgeglichener Stellung macht der Mephisto Polgar mit 20...Db6? einen Fehler, was sich als entscheidend herausstellt. Denn im Gegensatz zur "Komödie der Irrungen" in der letzten Partie, findet der Saitek D+ die Widerlegung und lässt sich den Sieg mit einer äusserst sauberen Leistung nicht mehr nehmen.} 2. Nf3 Nc6 3. Bb5 a6 4. Ba4 Nf6 5. O-O Nxe4 6. d4 b5 7. Bb3 d5 8. dxe5 Be6 9. Nbd2 Nc5 10. c3 d4 11. Ng5 {Mit diesem Figurenopfer, damals eine Neuerung, hat Anatoly Karpov an der 28. WM 1978 in Baguio City seinen Gegner Viktor Kortschnoj in der 10. Partie überrascht.} Qxg5 {Das Opfer darf ohne Nachteile angenommen werden. Dass der überraschte Kortschnoj nach 40 Min Bedenkzeit sich aber nicht darauf einliess, ist verständlich.} (11... dxc3 12. Nxe6 fxe6 13. bxc3 Qd3 14. Nf3 Qxd1 15. Bxd1 Be7 16. Be3 Nd3 17. Bb3 Kf7 18. Rad1 Ndxe5 19. Nxe5+ Nxe5 20. Bf4 Nc4 21. Bxc4 bxc4 22. Rd4 Bd6 23. Be3 Rhb8 24. Rxc4 Rb2 25. a4 Ra2 26. g3 Rb8 27. Rd1 Rbb2 28. Rdd4 Rb1+ 29. Kg2 Rba1 30. Rh4 h6 31. Bc5 e5 32. Ba7 Ke6 33. Rcg4 Be7 34. Rh5 Bf6 35. Rc4 Kd7 36. Bb8 c6 37. Re4 Rxa4 38. c4 Ra5 39. Bxe5 Bxe5 40. Rhxe5 Rxe5 41. Rxe5 Ra4 42. Re4 Ra5 43. h4 h5 44. Rf4 {½-½ (44) Karpov,A (2725)-Kortschnoj,V (2665) Baguio City 1978}) 12. Qf3 {***ENDE BUCH*** = (0.00) (50% +3% =95% -3%)} O-O-O {***ENDE BUCH*** = (0.00) (50% +3% =95% -3%)} 13. Qxc6 (13. Bxe6+ {ist weitaus üblicher} fxe6 14. Qxc6 Qxe5 {mit diversen Fortsetzungen wie 15.b4 / 15.Sf3 / 15.cxd4 / 15.a4}) 13... Qxe5 14. cxd4 {Für meine z.Zt. beste Engine, Rems 150824, MultiPV=2, ist das nicht die bevorzugte Wahl.} ({Rems 150824-avx2: 1)} 14. Bxe6+ {= (-0.02) (50%)} Qxe6 15. Qa8+ Kd7 16. Qf3 dxc3 17. bxc3 Qf6 18. Qh3+ Kc6 19. a4 Qe6 20. axb5+ axb5 21. Qf3+ Qd5 22. c4 bxc4 23. Nxc4 Qxf3 24. Ne5+ Kd5 25. Nxf3 Bd6 26. Ba3 Ra8 27. Rad1+ Kc6 28. Nd4+ Kb7 29. Rb1+ Kc8 30. Nb5 Ne4 31. Bxd6 Nxd6 32. Nxd6+ cxd6 33. g3 Rd8 34. Rfc1+ Kd7 35. Rb7+ Ke6 36. Re1+ Kf6 37. Re3 Kg6 38. Ree7 Rf8 39. Rb6 Rad8 40. Rc7 h6 41. Re7 {[%eval -2,48] [%wdl 17,963,20]}) ({Rems 150824-avx2: 2)} 14. Nf3 {= (-0.04) (50%)} Qd5 15. Bxd5 Bxd5 16. Nxd4 Bxc6 17. Nxc6 Rd5 18. Be3 Na4 19. c4 bxc4 20. b3 cxb3 21. axb3 Nc3 22. g3 f6 23. Kg2 Rd6 24. Nb4 Kb7 25. Bc5 Re6 26. Bxf8 Rxf8 27. Nd3 Rd6 28. Nc5+ Kb6 29. Nxa6 Rd2 30. b4 Ra2 31. Rxa2 Nxa2 32. Ra1 Kxa6 33. Rxa2+ Kb5 34. Rb2 c6 35. Rc2 Rc8 36. Rb2 Re8 37. Rc2 Re4 38. Rc5+ Kb6 {[%eval -4,47] [%wdl 16,963,21]}) 14... Qxd4 15. Qa8+ Kd7 16. Qf3 Ke8 $6 {Verpasst es, mit 16...Dd3 etwas Vorteil zu erhalten.} 17. Bxe6 fxe6 {Sonst geht nach Dc6+ der Bauer a6 in die Binsen.} 18. Re1 Be7 19. Nb3 Nxb3 20. axb3 {Nichts sprach auch gegen 20.Dxb3, doch ist der Textzug dynamischer mit Öffnung der a-Linie.} {[#]} Qb6 $2 $18 {[%mdl 2] Der erste und gleichzeitig entscheidende Fehler des Mephisto Polgar. Sowohl nach 20...Dd5 als auch nach 20...Tf8 hätte Schwarz nichts zu befürchten.} 21. Be3 {Ab hier spielt der Saitek D+ praktisch perfekt und lässt dem Gegner keine Chance mehr.} c5 {Ungenügend, aber noch die beste Verteidigung.} (21... Bc5 $2 22. Bxc5 Qxc5 23. Rxe6+ Kd7 24. Qh3 $18 {und gewinnt}) (21... Qd6 22. Red1 Qe5 23. Rxd8+ Bxd8 24. Rd1 b4 25. h4 Rg8 26. Rxd8+ Kxd8 27. Qa8+ Ke7 28. Qxg8 $18) (21... Qb8 22. Qg4 Qc8 23. Qxg7 Rf8 24. Qxh7 $18) 22. b4 Rc8 23. Bxc5 Bxc5 24. bxc5 Rxc5 (24... Qxc5 25. Rxe6+ {mit Mattangriff}) 25. Qa8+ Qd8 26. Rxa6 Rc8 {Danach zeigt Rems 150824, MultiPV=2 ein Matt in 16 an.} (26... Kf7 27. Ra7+ Kg6 28. Rxe6+ {und gewinnt}) (26... Rf8 27. Qe4 Qd5 28. Qxh7 $18) 27. Qf3 Qd2 28. Raxe6+ Kd8 29. Qg3 Qd7 30. Rd6 Ra8 31. Red1 Ra7 {***AUFGEGEBEN***} 1-0

[Event "Match 78__120'/40"]
[Site "Zurich"]
[Date "2024.??.??"]
[Round "38"]
[White "Mephisto Polgar sel. 5"]
[Black "Saitek D+ EGR 10 MHz"]
[Result "0-1"]
[WhiteElo "1991"]
[BlackElo "1992"]
[Annotator "Utzinger,K"]
[PlyCount "67"]
[EventDate "2024.05.22"]
[EventType "match"]
[SourceVersionDate "2024.04.21"]

{[%evp 0,67,19,38,40,41,41,32,28,27,40,32,87,57,59,52,47,90,137,60,75,65,63,65,80,-113,-113,-115,-117,-131,-123,-129,-141,-159,-192,-211,-233,-224,-242,-301,-259,-272,-285,-307,-309,-354,-371,-398,-402,-434,-449,-457,-455,-515,-513,-524,-522,-528,-522,-526,-536,-542,-542,-551,-557,-555,-577,-589,-598,-628]} 1. e4 c5 {Match 120'/40 | Bediener: Rolf Bühler | 15.09.2024 | 38. Partie: Schwarz (Saitek D+) gewinnt | Zwischenstand: 19,0-19,0 (50%) Gleichstand / hypothetisch: 25-13 (65,7%) für Mephisto Polgar | Eröffnung: Sizilianische Verteidigung, Scheveninger System | Nach der für beide Programme zu anspruchsvollen Eröffnung gelangt der Saitek D+ mit 8...Da5? frühzeitig auf die schiefe Bahn. Daraus macht Weiss wenig. Und mit einer vermeintlich guten Abwicklung holt sich Weiss durch die Gabel 12.Sc7+? die Qualität auf a8. Dabei erkennt das holländische Programm von Ed Schröder viel zu spät, dass dieser Springer kein Rückzugsfeld mehr besitzt und in der Folge auch verloren geht. Ein glücklicher Sieg für das Programm von Julio Kaplan. Damit steht das Match mit 19-19 wieder ausgeglichen.} 2. Nf3 e6 3. d4 cxd4 4. Nxd4 Nf6 5. Nc3 d6 {***ENDE BUCH*** +/= (0.50) (58% +16% =84% -1%)} 6. Bg5 {***ENDE BUCH*** = (0.09) (51% +5% =93% -2%) Eine rar gewordene Fortsetzung in der heutigen Turnierarena.} (6. g4 {Der so genannte Keres-Angriff ist die schärfste Waffe.}) (6. Be2 {Der klassische Aufbau, in seinen früheren Jahren von Karpov,A bevorzugt.}) (6. Be3 {Der modern gewordene flexible Englische Angriff.}) 6... Nbd7 {Eine unübliche Fortsetzung, wonach Weiss das Zepter übernehmen kann. Bekannt sind:} (6... a6 {was Sb5 verhindert} 7. f4 h6 8. Bh4 Qb6 9. a3 Be7 10. Bf2 $14 {1-0 (55) Firouzja,A (2751)-Abdusattorov,N (2762) Saint Louis 2024}) (6... h6 {zwingt den Läufer bezüglich der zu operierenden Diagonale zur sofortigen Klärung.} 7. Be3 Nc6 $11 {½-½ (34) Harsh,S (2370)-Murugan,K (2271) Chennai 2023}) 7. Ndb5 h6 8. Be3 {[#]} Qa5 $2 $18 {[%mdl 2] Behebt die Drohung Sxd6 mit der Gegendrohung ...Sxe4. Vernünftiger ist jedoch die Verteidigung 8...Se5. Nun hat Weiss diverse Fortsetzungen, die ihm Gewinn oder Vorteil sichern. Aber die Stellung ist für einen Oldie wie Mephisto Polgar kompliziert. So ist es nicht erstaunlich, dass die beste (Gewinn-)Fortsetzung nicht gefunden wird.} 9. a3 $2 {Gut genug für Vorteil, aber bei weitem nicht am besten.} (9. Qd3 $1 d5 (9... a6 $2 10. b4 $1 Qd8 11. Nxd6+ {und gewinnt}) (9... Be7 10. b4 Qd8 11. Nxd6+ {und gewinnt}) 10. Bf4 e5 11. Bd2 Bb4 12. Nxd5 Bxd2+ 13. Qxd2 Qxd2+ 14. Kxd2 {und es steht gemäss Engine +- (2.28) (100%), d.h. Weiss gewinnt}) 9... Nxe4 10. b4 Nxc3 11. bxa5 Nxd1 {[#]} 12. Nc7+ $2 {[%mdl 32770] Verlustzug: Das Programm von Ed Schröder sieht nur den scheinbaren materiellen Vorteil und erkennt jedoch nicht, dass sein bald auf a8 stehender Springer mangels Rückzugsfeld auf verlorenem Posten steht.} (12. Rxd1 Kd8 13. Nxd6 Bxd6 14. Rxd6 $16 {und Weiss steht klar besser.}) 12... Kd8 13. Nxa8 Nxe3 14. fxe3 Nf6 15. Bb5 d5 16. Kf2 Bc5 17. h3 Ne4+ 18. Kf3 Bd7 19. Bd3 Kc8 (19... f5 {Diese Stabilisierung des starken Springers hätte für mich Vorrang.}) 20. Bxe4 dxe4+ 21. Kf4 (21. Kxe4 Bc6+ 22. Kd3 Kd7 $19 {und der Springer 18 geht verloren}) 21... Kb8 22. Rhd1 Bc6 23. a6 {Verzweiflung} bxa6 24. h4 Kxa8 {Der Rest bedarf keiner Kommentare mehr.} 25. Re1 Rd8 26. Re2 Bb5 27. c4 Bxc4 28. Rc2 Bd6+ 29. Kg4 Bd3 30. Rca2 f5+ 31. Kh3 Bc5 32. Re1 g5 33. hxg5 hxg5 34. g3 {***AUFGEGEBEN***} 0-1